[Event "Ugra-Mongolia m"]
[Site "Khanty-Mansiysk"]
[Date "2023.12.12"]
[Round "4.4"]
[White "Bilguun, Sumiya"]
[Black "Shirokov, Andrey"]
[Result "1-0"]
[WhiteElo "2466"]
[BlackElo "2245"]
[PlyCount "137"]
[EventDate "2023.12.11"]
[EventType "schev (rapid)"]
[EventRounds "6"]
[EventCountry "RUS"]
[SourceTitle "CB51_2023"]
[SourceDate "2023.12.20"]
[SourceVersion "1"]
[SourceVersionDate "2023.12.20"]
[SourceQuality "1"]
[WhiteTeam "Mongolia"]
[BlackTeam "Ugra"]
[WhiteTeamCountry "MGL"]
[BlackTeamCountry "RUS"]

1. e4 c6 2. d4 d5 3. exd5 cxd5 4. Bd3 Nc6 5. c3 Nf6 6. Bf4 Bg4 7. Qb3 Qd7 8. Nd2 e6 9. Ngf3 Bxf3 10. Nxf3 Bd6 11. Bxd6 Qxd6 12. 0-0 0-0 13. Rae1 Qc7 14. Qc2 Rab8 15. a4 Rfc8 16. Qe2 a6 17. g3 h6 18. Kg2 Ne8 19. Nh4 Nd6 20. f4 Ne7 21. g4 Re8 22. Qf3 Qd7 23. f5 exf5 24. gxf5 f6 25. Qf4 Ne4 26. Kh1 Ng5 27. Ng2 Nc6 28. h4 Nf7 29. Re6 Rxe6 30. fxe6 Qxe6 31. Qg3 Re8 32. Nf4 Qe3 33. Qg6 Kf8 34. Qh7 Ne7 35. Bf5 Nd8 36. Bd7 Qg3 37. Qh8+ Ng8 38. Bxe8 Qxh4+ 39. Kg2 Qg4+ 40. Kh2 Qh4+ 41. Nh3 Ne6 42. Bd7 Ng5 43. Bf5 Kf7 44. Rf4 Qe1 45. Nxg5+ hxg5 46. Qh5+ Kf8 47. Rf3 Nh6 48. Qh3 Qe2+ 49. Qg2 Qe1 50. Rf1 Qe3 51. Qxd5 Qe2+ 52. Qg2 Qh5+ 53. Kg1 g4 54. Be6 Qg5 55. Qe4 g3 56. Bd7 Kg8 57. Bf5 g6 58. Bxg6 Kg7 59. Bf5 Qh5 60. Qh1 Qe2 61. Qg2 Qe3+ 62. Kh1 Qg5 63. Bh3 f5 64. Qf3 Kf6 65. Kg2 Qd2+ 66. Kxg3 Qg5+ 67. Kh2 Qh4 68. Qf4 Ng4+ 69. Qxg4 1-0

[Event "Ugra-Mongolia m"]
[Site "Khanty-Mansiysk"]
[Date "2023.12.11"]
[Round "3.4"]
[White "Shirokov, Andrey"]
[Black "Batbold, Nyamsuren"]
[Result "1-0"]
[WhiteElo "2245"]
[BlackElo "2143"]
[PlyCount "105"]
[EventDate "2023.12.11"]
[EventType "schev (rapid)"]
[EventRounds "6"]
[EventCountry "RUS"]
[SourceTitle "CB51_2023"]
[SourceDate "2023.12.20"]
[SourceVersion "1"]
[SourceVersionDate "2023.12.20"]
[SourceQuality "1"]
[WhiteTeam "Ugra"]
[BlackTeam "Mongolia"]
[WhiteTeamCountry "RUS"]
[BlackTeamCountry "MGL"]

1. g3 Nf6 2. Bg2 d5 3. d3 c6 4. f4 h5 5. Nf3 Bg4 6. Nbd2 Nbd7 7. h3 Bxf3 8. Nxf3 e6 9. e3 Bd6 10. Qe2 Qb6 11. a4 e5 12. a5 Qc7 13. a6 b6 14. d4 exf4 15. exf4+ Kf8 16. Ne5 g6 17. 0-0 Kg7 18. b3 Rae8 19. Bb2 Nh7 20. Qd3 Nhf8 21. c4 f6 22. Nf3 Ne6 23. cxd5 cxd5 24. f5 Nef8 25. Rac1 Qb8 26. fxg6 Bxg3 27. Ne5 Nxe5 28. Qxg3 Ned7 29. Qf3 Rh6 30. Qxd5 Rxg6 31. Rc2 Qg3 32. Qxh5 Re1 33. Qf5 Rg5 34. Qf2 Rxf1+ 35. Kxf1 Qd3+ 36. Qe2 Qxb3 37. Bc1 Rf5+ 38. Kg1 Qg3 39. Kh1 Kg8 40. Qg4+ Qxg4 41. hxg4 Ra5 42. Bb7 Kf7 43. Kg2 Ne6 44. Be3 Ra3 45. Kf2 Ke7 46. Rc8 Ra2+ 47. Kf3 Ra3 48. Ke4 Ra4 49. Rh8 Kd6 50. Bc8 Ndc5+ 51. Kf5 Nxd4+ 52. Bxd4 Rxd4 53. Rd8+ 1-0

[Event "Barnaul Kura Memorial"]
[Site "Barnaul"]
[Date "2021.02.28"]
[Round "9"]
[White "Shirokov, Andrey"]
[Black "Alekseev, Evgeny V"]
[Result "1/2-1/2"]
[WhiteElo "2277"]
[BlackElo "2619"]
[PlyCount "112"]
[EventDate "2021.02.27"]
[EventType "swiss (rapid)"]
[EventRounds "11"]
[EventCountry "RUS"]
[SourceTitle "CBM 200 Extra"]
[Source "ChessBase"]
[SourceDate "2021.03.31"]
[SourceVersion "1"]
[SourceVersionDate "2021.03.31"]
[SourceQuality "1"]

1. f4 d5 2. Nf3 g6 3. g3 Bg7 4. Bg2 Nf6 5. 0-0 0-0 6. c3 c5 7. d3 Nc6 8. Na3 h6 9. Qc2 d4 10. e4 dxe3 11. Bxe3 Bf5 12. Rad1 b6 13. Rfe1 Rc8 14. Nc4 Ng4 15. a4 Nxe3 16. Nxe3 Bd7 17. Nc4 Qc7 18. Qb3 e6 19. Nfe5 Be8 20. Nxc6 Bxc6 21. Bxc6 Qxc6 22. Ne5 Qc7 23. Qc4 Rfd8 24. Qe4 Rd6 25. Re3 Rcd8 26. h4 h5 27. Kf2 Rd5 28. Nf3 Qd7 29. Ke2 a6 30. Ra1 Rd6 31. Ne5 Qc7 32. Nf3 b5 33. axb5 axb5 34. Ra8 b4 35. Rxd8+ Qxd8 36. Qc4 Qb6 37. Ne5 Rd5 38. Qb3 Bxe5 39. Rxe5 Rxe5+ 40. fxe5 Qc6 41. Kf2 bxc3 42. bxc3 Qh1 43. Qb8+ Kg7 44. Qd8 Qh2+ 45. Kf3 Qh1+ 46. Kf2 Qh2+ 47. Kf3 Qd2 48. c4 Qd1+ 49. Kf2 Qd2+ 50. Kf3 Qe1 51. Qf6+ Kg8 52. Qd8+ Kh7 53. Qd6 Qf1+ 54. Ke3 Qe1+ 55. Kf3 Qf1+ 56. Ke3 Qe1+ 1/2-1/2

[Event "Novokuznetsk-ch"]
[Site "Novokuznetsk"]
[Date "2014.12.14"]
[Round "9"]
[White "Bogachev, Alexandr"]
[Black "Shirokov, Andrey"]
[Result "1-0"]
[WhiteElo "2072"]
[BlackElo "2185"]
[PlyCount "187"]
[EventDate "2014.11.16"]
[EventType "swiss"]
[EventRounds "9"]
[EventCountry "RUS"]
[SourceTitle "EXT 2016"]
[Source "ChessBase"]
[SourceDate "2015.10.08"]
[SourceVersion "1"]
[SourceVersionDate "2015.10.08"]
[SourceQuality "1"]

1. d4 f5 2. Nd2 Nf6 3. e3 g6 4. c4 Bg7 5. g3 0-0 6. Bg2 d6 7. Ne2 e5 8. f3 c6 9. 0-0 Qc7 10. Kh1 Be6 11. a4 a5 12. b3 Na6 13. Ba3 Rfe8 14. Rc1 Bf7 15. Re1 Rad8 16. h3 Kh8 17. Nf1 Rd7 18. Qd2 exd4 19. Nxd4 Nc5 20. Qc2 Rde7 21. Bb2 Ne6 22. Nxe6 Bxe6 23. Red1 Rd8 24. Bc3 Nd7 25. Qb2 Bxc3 26. Qxc3+ Kg8 27. Rd2 Nc5 28. Rcd1 Bf7 29. h4 Re6 30. Kh2 Qb6 31. Rb2 Na6 32. Rbd2 Qc5 33. e4 fxe4 34. fxe4 Qb4 35. Qf3 Rf8 36. Rf2 Nc5 37. Nd2 Ree8 38. Rdf1 Be6 39. Qe3 Rxf2 40. Rxf2 Nd7 41. Nf3 Qc5 42. Nd4 Ne5 43. Bh3 Bxh3 44. Kxh3 Re7 45. Rf4 Nd7 46. Qd2 Kg7 47. Rg4 Kh8 48. Rf4 Kg7 49. Nf3 Ne5 50. Nd4 Nd7 51. Rg4 Kh8 52. Rf4 Kg7 53. Nf3 Ne5 54. Qb2 Qe3 55. Nd4 Qg1 56. Nf3 Qh1+ 57. Nh2 Qd1 58. Qc3 b6 59. Qe3 c5 60. Rf1 Qc2 61. Rf2 Qd3 62. Qxd3 Nxd3 63. Rd2 Nc1 64. Rxd6 Nxb3 65. Rxb6 Nd2 66. Rb5 Nxc4 67. Rxc5 Rxe4 68. Rc7+ Kf6 69. Ng4+ Ke6 70. Ra7 Ne5 71. Nxe5 Rxe5 72. Rxh7 Kd5 73. Rh6 g5 74. g4 Ke4 75. hxg5 Rxg5 76. Kh4 Rc5 77. Ra6 Kd4 78. g5 Kc3 79. g6 Kb3 80. g7 Rc8 81. Ra7 Rg8 82. Kh5 Rxg7 83. Rxg7 Kxa4 84. Rb7 Ka3 85. Kg4 a4 86. Kf4 Ka2 87. Ke4 a3 88. Kd3 Ka1 89. Kc2 a2 90. Kb3 Kb1 91. Re7 a1N+ 92. Kc3 Nc2 93. Re2 Na3 94. Kb3 1-0

[Event "Novokuznetsk-ch"]
[Site "Novokuznetsk"]
[Date "2014.12.06"]
[Round "6"]
[White "Chernov, Mikhail"]
[Black "Shirokov, Andrey"]
[Result "0-1"]
[WhiteElo "2200"]
[BlackElo "2185"]
[PlyCount "42"]
[EventDate "2014.11.16"]
[EventType "swiss"]
[EventRounds "9"]
[EventCountry "RUS"]
[SourceTitle "EXT 2016"]
[Source "ChessBase"]
[SourceDate "2015.10.08"]
[SourceVersion "1"]
[SourceVersionDate "2015.10.08"]
[SourceQuality "1"]

1. e4 c6 2. d4 d5 3. f3 g6 4. Nc3 Bg7 5. Be3 Qb6 6. a3 e5 7. Na4 Qa5+ 8. c3 dxe4 9. dxe5 Nd7 10. Qb3 Nxe5 11. Nc5 Nf6 12. Nxb7 Bxb7 13. Qxb7 0-0 14. 0-0-0 exf3 15. Nxf3 Nxf3 16. gxf3 Nd5 17. Bd2 Qc5 18. Qb3 Rab8 19. Qc4 Qb6 20. Qa2 Rb7 21. Bc4 Ne3 0-1

[Event "Novokuznetsk op"]
[Site "Novokuznetsk"]
[Date "2010.05.06"]
[Round "6"]
[White "Shirokov, Andrey"]
[Black "Sitnikov, Dmitrij"]
[Result "0-1"]
[WhiteElo "2250"]
[BlackElo "2423"]
[PlyCount "58"]
[EventDate "2010.05.01"]
[EventType "swiss"]
[EventRounds "9"]
[EventCountry "RUS"]
[SourceTitle "EXT 2011"]
[Source "ChessBase"]
[SourceDate "2010.11.26"]
[SourceVersion "1"]
[SourceVersionDate "2010.11.26"]
[SourceQuality "1"]

1. e4 c5 2. Nf3 Nc6 3. Nc3 d6 4. d4 cxd4 5. Nxd4 Nf6 6. Bc4 Qb6 7. Nxc6 bxc6 8. 0-0 g6 9. Bb3 Bg7 10. Be3 Qa5 11. h3 0-0 12. Qd2 Qh5 13. f4 a5 14. a4 Rb8 15. Rae1 Rb4 16. Qd3 Nd7 17. Kh1 Nc5 18. Bxc5 Qxc5 19. f5 Qe5 20. fxg6 hxg6 21. Rf3 Bf6 22. Qe3 Kg7 23. Ref1 Rh8 24. Qf4 Qxf4 25. Rxf4 g5 26. R4f3 g4 27. Re3 gxh3 28. gxh3 Bxh3 29. Rfe1 Bd4 0-1

[Event "Novokuznetsk op"]
[Site "Novokuznetsk"]
[Date "2010.05.04"]
[Round "4"]
[White "Sergeev, Albert"]
[Black "Shirokov, Andrey"]
[Result "1/2-1/2"]
[WhiteElo "2349"]
[BlackElo "2250"]
[PlyCount "37"]
[EventDate "2010.05.01"]
[EventType "swiss"]
[EventRounds "9"]
[EventCountry "RUS"]
[SourceTitle "EXT 2011"]
[Source "ChessBase"]
[SourceDate "2010.11.26"]
[SourceVersion "1"]
[SourceVersionDate "2010.11.26"]
[SourceQuality "1"]

1. e4 c6 2. d4 d5 3. Nd2 dxe4 4. Nxe4 Nd7 5. Nf3 Ngf6 6. Nxf6+ Nxf6 7. Bc4 Bf5 8. Qe2 e6 9. Bg5 Be7 10. 0-0-0 Nd5 11. Bxe7 Qxe7 12. Bxd5 exd5 13. Rhe1 Qxe2 14. Rxe2+ Be6 15. Ng5 Kd7 16. Rde1 Rae8 17. Nxe6 Rxe6 18. Rxe6 fxe6 19. Kd2 1/2-1/2

[Event "Novokuznetsk op"]
[Site "Novokuznetsk"]
[Date "2010.05.02"]
[Round "2"]
[White "Shirokov, Andrey"]
[Black "Chernov, Mikhail"]
[Result "1-0"]
[WhiteElo "2250"]
[BlackElo "2094"]
[PlyCount "107"]
[EventDate "2010.05.01"]
[EventType "swiss"]
[EventRounds "9"]
[EventCountry "RUS"]
[SourceTitle "EXT 2011"]
[Source "ChessBase"]
[SourceDate "2010.11.26"]
[SourceVersion "1"]
[SourceVersionDate "2010.11.26"]
[SourceQuality "1"]

1. d4 Nf6 2. c4 e6 3. g3 c5 4. Nf3 cxd4 5. Nxd4 Nc6 6. Bg2 Bb4+ 7. Bd2 Qb6 8. Nb3 0-0 9. 0-0 d5 10. cxd5 Nxd5 11. e4 Nf6 12. Nc3 Rd8 13. Qe2 Bd7 14. Rac1 Ne5 15. Be3 Qa6 16. Qxa6 bxa6 17. a3 Bxc3 18. Rxc3 Bb5 19. Ra1 Nc4 20. a4 Nxe3 21. Rxe3 Bc6 22. f3 Rab8 23. Na5 Be8 24. b3 Rbc8 25. Bf1 Rc2 26. Re2 Rc3 27. Rf2 Nd7 28. Bxa6 Nc5 29. Bc4 e5 30. Rff1 Kf8 31. Rac1 Rxc1 32. Rxc1 Rd2 33. Re1 Bd7 34. Re2 Rd1+ 35. Kg2 Ke7 36. Rc2 Kd6 37. Bxf7 Nd3 38. Ra2 Bc8 39. Bc4 Ne1+ 40. Kf2 Bh3 41. Ke2 Rc1 42. Kd2 Rb1 43. Bd3 Nxd3 44. Kxd3 Rf1 45. Nc4+ Ke6 46. Ke3 Rb1 47. Rb2 Re1+ 48. Re2 Rb1 49. Nd2 Rc1 50. g4 h5 51. gxh5 Kf6 52. Kd3 Rd1 53. Kc4 Be6+ 54. Kb5 1-0

[Event "Novokuznetsk-ch"]
[Site "Novokuznetsk"]
[Date "2009.05.05"]
[Round "9"]
[White "Shirokov, Andrey"]
[Black "Sitnikov, Dmitrij"]
[Result "1/2-1/2"]
[WhiteElo "2250"]
[BlackElo "2426"]
[PlyCount "32"]
[EventDate "2009.04.29"]
[EventType "tourn"]
[EventRounds "11"]
[EventCountry "RUS"]
[EventCategory "3"]
[SourceTitle "EXT 2012"]
[Source "ChessBase"]
[SourceDate "2011.11.24"]
[SourceVersion "1"]
[SourceVersionDate "2011.11.24"]
[SourceQuality "1"]

1. e4 c5 2. Nf3 a6 3. c3 d5 4. exd5 Qxd5 5. d4 Nf6 6. Be2 e6 7. 0-0 Nc6 8. Be3 cxd4 9. Nxd4 e5 10. c4 Qd6 11. Nxc6 Qxc6 12. Nc3 Be6 13. Qa4 Rc8 14. Qxc6+ Rxc6 15. Bf3 Rc7 16. Rac1 Bb4 1/2-1/2

[Event "Novokuznetsk-ch"]
[Site "Novokuznetsk"]
[Date "2009.05.03"]
[Round "7"]
[White "Shirokov, Andrey"]
[Black "Susliakov, Dmitriy"]
[Result "1/2-1/2"]
[WhiteElo "2250"]
[BlackElo "2219"]
[PlyCount "109"]
[EventDate "2009.04.29"]
[EventType "tourn"]
[EventRounds "11"]
[EventCountry "RUS"]
[EventCategory "3"]
[SourceTitle "EXT 2012"]
[Source "ChessBase"]
[SourceDate "2011.11.24"]
[SourceVersion "1"]
[SourceVersionDate "2011.11.24"]
[SourceQuality "1"]

1. Nf3 c5 2. g3 Nc6 3. Bg2 g6 4. c4 Bg7 5. 0-0 e6 6. Nc3 Nge7 7. b3 0-0 8. Bb2 d6 9. Rc1 a6 10. e3 e5 11. d3 f5 12. Ne1 f4 13. Nd5 Nxd5 14. Bxd5+ Kh8 15. exf4 exf4 16. Bxg7+ Kxg7 17. Ng2 Bh3 18. Re1 Bxg2 19. Bxg2 Nd4 20. Bxb7 Ra7 21. Bg2 f3 22. Bf1 h5 23. Re4 Raf7 24. h4 g5 25. hxg5 Qxg5 26. Qe1 Rh8 27. Qe3 Qg6 28. Re1 Nc2 29. Qd2 Nxe1 30. Qxe1 h4 31. Bh3 Rh5 32. Rg4 Rg5 33. Rxh4 Rxg3+ 34. fxg3 f2+ 35. Qxf2 Rxf2 36. Kxf2 Qxd3 37. Bd7 Qc2+ 38. Kf3 Qxa2 39. Ba4 Qd2 40. Rf4 Qd3+ 41. Kf2 Kg6 42. Be8+ Kg7 43. Ba4 Qc3 44. Rh4 Qd2+ 45. Kf3 Qe1 46. Rg4+ Kf6 47. Rf4+ Ke5 48. Kg2 Qe2+ 49. Kh3 Qc2 50. Rh4 Qf2 51. Rf4 Qg1 52. Bc6 Qb1 53. Rf3 Qh1+ 54. Kg4 Qh7 55. Bd5 1/2-1/2

[Event "Novokuznetsk-ch"]
[Site "Novokuznetsk"]
[Date "2009.05.02"]
[Round "6"]
[White "Shukan, Alexander"]
[Black "Shirokov, Andrey"]
[Result "1-0"]
[WhiteElo "2187"]
[BlackElo "2250"]
[PlyCount "67"]
[EventDate "2009.04.29"]
[EventType "tourn"]
[EventRounds "11"]
[EventCountry "RUS"]
[EventCategory "3"]
[SourceTitle "EXT 2012"]
[Source "ChessBase"]
[SourceDate "2011.11.24"]
[SourceVersion "1"]
[SourceVersionDate "2011.11.24"]
[SourceQuality "1"]

1. e4 c6 2. Nc3 d5 3. Nf3 Bg4 4. h3 Bxf3 5. Qxf3 e6 6. d3 Nd7 7. Be2 g6 8. 0-0 Bg7 9. Qg3 Ne7 10. f4 0-0 11. f5 exf5 12. Kh1 d4 13. Nd1 fxe4 14. dxe4 Nc5 15. Nf2 Qd7 16. b4 d3 17. cxd3 Bxa1 18. Bh6 Bg7 19. Ng4 f6 20. bxc5 Bxh6 21. Nxh6+ Kg7 22. Ng4 Rae8 23. Qe3 f5 24. Ne5 Qe6 25. Qd4 Qf6 26. Qb2 Nc8 27. d4 Re7 28. Ng4 Qg5 29. d5+ Kg8 30. dxc6 Rxe4 31. cxb7 Nb6 32. Nf6+ Rxf6 33. b8Q+ Rf8 34. Qh8+ 1-0

[Event "Novokuznetsk-ch"]
[Site "Novokuznetsk"]
[Date "2009.04.30"]
[Round "3"]
[White "Sergeev, Albert"]
[Black "Shirokov, Andrey"]
[Result "0-1"]
[WhiteElo "2326"]
[BlackElo "2250"]
[PlyCount "64"]
[EventDate "2009.04.29"]
[EventType "tourn"]
[EventRounds "11"]
[EventCountry "RUS"]
[EventCategory "3"]
[SourceTitle "EXT 2012"]
[Source "ChessBase"]
[SourceDate "2011.11.24"]
[SourceVersion "1"]
[SourceVersionDate "2011.11.24"]
[SourceQuality "1"]

1. e4 c6 2. d4 d5 3. Nc3 dxe4 4. Nxe4 Nd7 5. Nf3 Ngf6 6. Nxf6+ Nxf6 7. Bc4 Bf5 8. 0-0 e6 9. h3 Bd6 10. Nh4 Be4 11. Re1 0-0 12. Bg5 Bd5 13. Bd3 h6 14. Bxh6 gxh6 15. c4 Bxg2 16. Nxg2 Nh7 17. Qf3 Bc7 18. Rad1 Qd6 19. Re5 c5 20. Qh5 Kg7 21. Re3 Qh2+ 22. Kf1 Qh1+ 23. Ke2 Qxg2 24. Qxc5 Rac8 25. Be4 Qg5 26. Qxa7 Bf4 27. Rc3 Ra8 28. Qxb7 Rab8 29. Qa6 Rxb2+ 30. Rc2 Qh5+ 31. Ke1 Rxc2 32. Bxc2 Ng5 0-1

[Event "Novokuznetsk op"]
[Site "Novokuznetsk"]
[Date "2008.12.13"]
[Round "8"]
[White "Shirokov, Andrey"]
[Black "Susliakov, Dmitriy"]
[Result "1-0"]
[WhiteElo "2207"]
[BlackElo "2225"]
[PlyCount "87"]
[EventDate "2008.11.22"]
[EventType "swiss"]
[EventRounds "9"]
[EventCountry "RUS"]
[SourceTitle "CBM 127 Extra"]
[Source "ChessBase"]
[SourceDate "2009.01.08"]
[SourceVersion "2"]
[SourceVersionDate "2009.01.28"]
[SourceQuality "1"]

1. Nf3 c5 2. c4 Nc6 3. g3 Nf6 4. d4 cxd4 5. Nxd4 Qb6 6. Nb3 Ne4 7. Be3 Qb4+ 8. N1d2 Nxd2 9. Qxd2 Qxc4 10. Bg2 Qb4 11. 0-0 Qxd2 12. Bxd2 d6 13. Rac1 Bd7 14. Na5 Nxa5 15. Bxa5 e6 16. Rc7 d5 17. Rxb7 Bd6 18. Rc1 Ke7 19. Bc7 a5 20. e4 Rhc8 21. exd5 Bxc7 22. dxe6 Bd6 23. Rxc8 Rxc8 24. Rxd7+ Kxe6 25. Bh3+ f5 26. Bxf5+ Ke5 27. Bxh7 Rc7 28. f4+ Kd5 29. Bg8+ Kc5 30. Rxc7+ Bxc7 31. Kf2 a4 32. Ke3 Bd8 33. Ke4 Bf6 34. b3 a3 35. g4 Kb4 36. g5 Be7 37. h4 Kc3 38. b4 Bxb4 39. h5 Bf8 40. Kf5 Kd3 41. Kg6 Ke4 42. f5 Ke5 43. Be6 Kf4 44. h6 1-0

[Event "Novokuznetsk op"]
[Site "Novokuznetsk"]
[Date "2008.12.07"]
[Round "7"]
[White "Vladimirov, Mikhail"]
[Black "Shirokov, Andrey"]
[Result "1/2-1/2"]
[WhiteElo "2159"]
[BlackElo "2207"]
[PlyCount "103"]
[EventDate "2008.11.22"]
[EventType "swiss"]
[EventRounds "9"]
[EventCountry "RUS"]
[SourceTitle "CBM 127 Extra"]
[Source "ChessBase"]
[SourceDate "2009.01.08"]
[SourceVersion "2"]
[SourceVersionDate "2009.01.28"]
[SourceQuality "1"]

1. e4 c6 2. d4 d5 3. exd5 cxd5 4. c4 Nf6 5. Nc3 e6 6. Nf3 Be7 7. Bd3 0-0 8. 0-0 dxc4 9. Bxc4 a6 10. Bd3 b5 11. Bc2 Bb7 12. a3 Nbd7 13. Re1 Nb6 14. Qd3 Nbd5 15. Nxd5 Qxd5 16. Bg5 g6 17. Bb3 Qd6 18. Ne5 Bd5 19. Bxd5 Nxd5 20. Bh6 Rfc8 21. Qf3 Bf6 22. h4 Ra7 23. h5 Bg7 24. Bxg7 Kxg7 25. h6+ Kg8 26. Rac1 Qf8 27. Rxc8 Qxc8 28. Ng4 Qd8 29. Rc1 f5 30. Ne3 Rc7 31. Re1 Nf6 32. Qf4 Rc6 33. Qe5 Kf7 34. d5 Qd6 35. dxe6+ Qxe6 36. Qb8 Qc8 37. Qa7+ Qc7 38. Qd4 Qd6 39. Qh4 Qd2 40. Rd1 Rc1 41. Rxc1 Qxc1+ 42. Kh2 Qxb2 43. Qf4 Qxa3 44. Qb8 Qe7 45. Qb6 Ne4 46. Kg1 Qd6 47. Qb7+ Kf6 48. Qxh7 Qd2 49. Qg7+ Kg5 50. Qe7+ Kxh6 51. Qh4+ Kg7 52. Qe7+ 1/2-1/2

[Event "Novokuznetsk op"]
[Site "Novokuznetsk"]
[Date "2008.11.22"]
[Round "1"]
[White "Rogov, Igor"]
[Black "Shirokov, Andrey"]
[Result "1/2-1/2"]
[WhiteElo "1977"]
[BlackElo "2207"]
[PlyCount "95"]
[EventDate "2008.11.22"]
[EventType "swiss"]
[EventRounds "9"]
[EventCountry "RUS"]
[SourceTitle "CBM 127 Extra"]
[Source "ChessBase"]
[SourceDate "2009.01.08"]
[SourceVersion "2"]
[SourceVersionDate "2009.01.28"]
[SourceQuality "1"]

1. e4 c6 2. d4 d5 3. Nc3 dxe4 4. Nxe4 Nd7 5. Nf3 Ngf6 6. Ng3 e6 7. Bd3 Bd6 8. Qe2 0-0 9. 0-0 Qc7 10. Re1 c5 11. c3 b6 12. Ne4 Bb7 13. Nxd6 Qxd6 14. dxc5 Nxc5 15. Bc2 h6 16. Qe5 Qxe5 17. Nxe5 Be4 18. Bxe4 Ncxe4 19. Be3 Rac8 20. Bd4 Nd6 21. Rad1 Rfd8 22. Rd3 Nd5 23. g3 f6 24. Ng4 Kf7 25. f4 h5 26. Ne3 Nxe3 27. Rdxe3 Nf5 28. Rxe6 Nxd4 29. Re7+ Kg6 30. cxd4 Rc2 31. Rd1 Rd5 32. Rxa7 Rxb2 33. Ra3 Kf5 34. Rdd3 b5 35. Rdb3 Rd2 36. Ra5 Kg4 37. Raxb5 R5xd4 38. Rb2 h4 39. Rxd2 Rxd2 40. Rb7 h3 41. Rb3 Rxa2 42. Rb1 Rg2+ 43. Kh1 Re2 44. Kg1 Kf3 45. Rf1+ Kg4 46. Rb1 Kf3 47. Rf1+ Kg4 48. Rd1 1/2-1/2

[Event "Novokuznetsk-ch HL"]
[Site "Novokuznetsk"]
[Date "2008.05.11"]
[Round "11"]
[White "Epifantsev, Igor"]
[Black "Shirokov, Andrey"]
[Result "1/2-1/2"]
[WhiteElo "2185"]
[BlackElo "2178"]
[PlyCount "60"]
[EventDate "2008.04.30"]
[EventType "tourn"]
[EventRounds "11"]
[EventCountry "RUS"]
[SourceTitle "EXT 2022"]
[Source "ChessBase"]
[SourceDate "2021.10.06"]
[SourceVersion "1"]
[SourceVersionDate "2021.10.06"]
[SourceQuality "1"]

1. e4 c6 2. Nc3 d5 3. Nf3 Bg4 4. h3 Bxf3 5. Qxf3 e6 6. exd5 cxd5 7. d4 Nf6 8. Bb5+ Nc6 9. 0-0 Be7 10. Ne2 0-0 11. c3 Rc8 12. Ng3 Na5 13. Bd3 Nc4 14. Re1 b5 15. Re2 b4 16. cxb4 Bxb4 17. b3 Nb6 18. Bg5 Nbd7 19. Nh5 Be7 20. Re3 Nxh5 21. Bxe7 Qxe7 22. Qxh5 g6 23. Qxd5 Nb6 24. Qe5 Rfd8 25. Rae1 Rd5 26. Qf4 Qb4 27. Qf6 Nd7 28. Qf3 Rxd4 29. Bc4 Nb6 30. Qf6 Rcd8 1/2-1/2

[Event "Sibiria Region-ch"]
[Site "Novokuznetsk"]
[Date "2008.03.13"]
[Round "1"]
[White "Kljucharev, Sergey"]
[Black "Shirokov, Andrey"]
[Result "1/2-1/2"]
[WhiteElo "2367"]
[BlackElo "2159"]
[PlyCount "45"]
[EventDate "2008.03.13"]
[EventType "swiss"]
[EventRounds "9"]
[EventCountry "RUS"]
[SourceTitle "CBM 123 Extra"]
[Source "ChessBase"]
[SourceDate "2008.05.06"]
[SourceVersion "1"]
[SourceVersionDate "2008.05.06"]
[SourceQuality "1"]

1. Nf3 Nf6 2. c4 e6 3. Nc3 Bb4 4. Qc2 0-0 5. a3 Bxc3 6. Qxc3 b6 7. b4 Bb7 8. Bb2 d6 9. g3 Nbd7 10. Bg2 c5 11. 0-0 Rc8 12. Rfd1 d5 13. cxd5 cxb4 14. Qd4 Bxd5 15. axb4 Rc4 16. Qd3 Rxb4 17. Bc3 Nc5 18. Qc2 Bb3 19. Qb1 Ra4 20. Rc1 Bd5 21. Ng5 g6 22. Qb2 Nfd7 23. Nf3 1/2-1/2

[Event "Novokuznetsk-ch op"]
[Site "Novokuznetsk"]
[Date "2007.11.24"]
[Round "7"]
[White "Alimov, Alexander"]
[Black "Shirokov, Andrey"]
[Result "0-1"]
[WhiteElo "2049"]
[BlackElo "2159"]
[PlyCount "60"]
[EventDate "2007.11.24"]
[EventType "swiss"]
[EventRounds "9"]
[EventCountry "RUS"]
[SourceTitle "EXT 2022"]
[Source "ChessBase"]
[SourceDate "2021.10.06"]
[SourceVersion "1"]
[SourceVersionDate "2021.10.06"]
[SourceQuality "1"]

1. d4 Nf6 2. Nf3 e6 3. c4 b6 4. g3 Bb7 5. Bg2 Be7 6. 0-0 0-0 7. Nc3 Ne4 8. Bd2 f5 9. Rc1 Bf6 10. d5 Na6 11. Ne1 Nac5 12. Be3 Nxc3 13. bxc3 Ne4 14. Qb3 Qe7 15. Nd3 Bg5 16. f4 Bf6 17. Rfd1 exd5 18. cxd5 Nd6 19. Ne5 Bxe5 20. fxe5 Qxe5 21. Bd4 Qxe2 22. Re1 Qc4 23. Qb2 Rae8 24. Qd2 Ne4 25. Bxe4 fxe4 26. Qg5 Rf7 27. Rxe4 Rxe4 28. Qd8+ Rf8 29. Qxd7 Rxd4 30. Qe6+ Kh8 0-1

[Event "Novokuznetsk-ch op"]
[Site "Novokuznetsk"]
[Date "2007.11.24"]
[Round "8"]
[White "Nikulin, Andrey N"]
[Black "Shirokov, Andrey"]
[Result "1-0"]
[WhiteElo "2162"]
[BlackElo "2159"]
[PlyCount "117"]
[EventDate "2007.11.24"]
[EventType "swiss"]
[EventRounds "9"]
[EventCountry "RUS"]
[SourceTitle "EXT 2022"]
[Source "ChessBase"]
[SourceDate "2021.10.06"]
[SourceVersion "1"]
[SourceVersionDate "2021.10.06"]
[SourceQuality "1"]

1. d4 Nf6 2. c4 e6 3. Nf3 Bb4+ 4. Bd2 Qe7 5. Qc2 Bxd2+ 6. Nbxd2 d6 7. e3 e5 8. Be2 0-0 9. a3 a5 10. 0-0 a4 11. h3 Nc6 12. Rfe1 g6 13. Rac1 Re8 14. Bf1 e4 15. Nh2 h5 16. Nb1 Bf5 17. Nc3 Qd7 18. Qd1 Kg7 19. Be2 h4 20. Kh1 Ne7 21. d5 g5 22. Qd4 Ng6 23. Ng4 Bxg4 24. Bxg4 Qe7 25. Bf5 Kh6 26. Red1 Qe5 27. Bxg6 Kxg6 28. Qxe5 Rxe5 29. Nb5 Ne8 30. Rd2 b6 31. Kh2 f5 32. Nd4 Re7 33. g3 hxg3+ 34. fxg3 Rh7 35. Kg2 Rf7 36. Rf2 Ng7 37. Rcf1 Raf8 38. Ne2 Nh5 39. g4 fxg4 40. hxg4 Rxf2+ 41. Rxf2 Rxf2+ 42. Kxf2 Nf6 43. Kg3 Nd7 44. Nc3 Ne5 45. Nxe4 Nxc4 46. Kf3 Nxb2 47. Nc3 Nc4 48. Nxa4 Nxa3 49. Ke4 b5 50. Nb2 Nc4 51. Nd3 Kf6 52. Nb4 Ne5 53. Na6 Nxg4 54. Nxc7 b4 55. Nb5 b3 56. Kd4 b2 57. Nc3 Nf2 58. e4 Nd1 59. Nb1 1-0

[Event "Novokuznetsk-ch op"]
[Site "Novokuznetsk"]
[Date "2007.11.24"]
[Round "6"]
[White "Shirokov, Andrey"]
[Black "Storchak, Vitalij"]
[Result "1-0"]
[WhiteElo "2159"]
[BlackElo "2187"]
[PlyCount "47"]
[EventDate "2007.11.24"]
[EventType "swiss"]
[EventRounds "9"]
[EventCountry "RUS"]
[SourceTitle "EXT 2022"]
[Source "ChessBase"]
[SourceDate "2021.10.06"]
[SourceVersion "1"]
[SourceVersionDate "2021.10.06"]
[SourceQuality "1"]

1. e4 d6 2. d4 Nf6 3. Nc3 c6 4. f4 Qa5 5. Bd3 e5 6. dxe5 dxe5 7. Nf3 Bg4 8. h3 Bxf3 9. Qxf3 exf4 10. Bxf4 Nbd7 11. 0-0 Ne5 12. Qe2 Nfd7 13. Kh1 Be7 14. Nd1 0-0 15. Ne3 g6 16. Nc4 Nxc4 17. Bxc4 Ne5 18. Bh6 Rfe8 19. Bxf7+ Nxf7 20. Rxf7 Kxf7 21. Qc4+ Kf6 22. Rf1+ Ke5 23. Bf4+ Kf6 24. Bd2+ 1-0